书目信息 |
| 题名: |
厌氧微生物学与污水处理
|
|
| 作者: | 马溪平 编 | |
| 分册: | ||
| 出版信息: | 北京 化学工业出版社 2005 |
|
| 页数: | 301页 | |
| 开本: | 24cm | |
| 丛书名: | 环境科学与技术应用系列丛书 | |
| 单 册: | ||
| 中图分类: | X703.1 | |
| 科图分类: | ||
| 主题词: | 厌氧微生物--应用--污水处理 , 厌氧微生物 , 污水处理 | |
| 电子资源: | ||
| ISBN: | 7-5025-6992-8 | |
| 000 | 01138oam2 2200289 450 | |
| 001 | 002939535 | |
| 005 | 20070805151840.56 | |
| 010 | @a7-5025-6992-8@dCNY48.00 | |
| 035 | @a002939535 | |
| 100 | @a20050317d2005 em y0chiy0110 ea | |
| 101 | 0 | @achi |
| 102 | @aCN@b110000 | |
| 105 | @ay z 000yy | |
| 106 | @ar | |
| 200 | 1 | @a厌氧微生物学与污水处理@Ayan yang wei sheng wu xue yu wu shui chu li@f马溪平等编@Fma xi ping deng bian |
| 210 | @a北京@c化学工业出版社@d2005 | |
| 215 | @a301页@d24cm | |
| 225 | 2 | @a环境科学与技术应用系列丛书@Ahuan jing ke xue yu ji shu ying yong xi lie cong shu |
| 330 | @a本书共分11章,从厌氧微生物学、废水厌氧生物处理的生物化学原理出发,论述了影响废水厌氧生物处理的环境因素、厌氧生物处理的废水特性、工艺、厌氧反应器和废水处理工艺设计、厌氧生物处理工艺运行管理与控制、废水厌氧处理应用实例以及废水厌氧生物处理的研究和分析方法。 | |
| 461 | 0 | @1001002933938@12001 @a环境科学与技术应用系列丛书 |
| 606 | 0 | @a厌氧微生物@x应用@x污水处理 |
| 606 | 0 | @a厌氧微生物 |
| 606 | 0 | @a污水处理 |
| 690 | @aX703.1@v4 | |
| 701 | 0 | @a马溪平@Ama xi ping@4编 |
| 801 | 0 | @aCN@bNLC@c20070805 |
| 905 | @dX703.1@e109@f5 | |
| 厌氧微生物学与污水处理/马溪平等编.-北京:化学工业出版社,2005 |
| 301页;24cm.-(环境科学与技术应用系列丛书) |
| ISBN 7-5025-6992-8:CNY48.00 |
| 本书共分11章,从厌氧微生物学、废水厌氧生物处理的生物化学原理出发,论述了影响废水厌氧生物处理的环境因素、厌氧生物处理的废水特性、工艺、厌氧反应器和废水处理工艺设计、厌氧生物处理工艺运行管理与控制、废水厌氧处理应用实例以及废水厌氧生物处理的研究和分析方法。 |
| ● |
| 相关链接 |
|
|
|
|
正题名:厌氧微生物学与污水处理
索取号:X703.1/109
 
预约/预借
| 序号 | 登录号 | 条形码 | 馆藏地/架位号 | 状态 | 备注 |
| 1 | 0850934 | 208509345 | 第二样本阅览室/ [索取号:X703.1/109] | 在馆 | |
| 2 | 0850935 | 208509354 | 第三借阅区/ [索取号:X703.1/109] | 在馆 | |
| 3 | 0850936 | 208509363 | 第三借阅区/ [索取号:X703.1/109] | 在馆 | |
| 4 | 0850937 | 208509372 | 第三借阅区/ [索取号:X703.1/109] | 在馆 | |
| 5 | 0850938 | 208509381 | 第三借阅区/ [索取号:X703.1/109] | 在馆 |